header

The working class majority (Record no. 140394)

MARC details
000 -LEADER
fixed length control field 01755nam a2200373 a 4500
100 1# - MAIN ENTRY--AUTHOR NAME
Personal name Zweig, Michael,
245 14 - TITLE STATEMENT
Title The working class majority
250 ## - EDITION STATEMENT
Edition statement 2nd ed.
260 ## - PUBLICATION, DISTRIBUTION, ETC. (IMPRINT)
Place of publication Ithaca :
Name of publisher ILR Press,
Year of publication 2012.
300 ## - PHYSICAL DESCRIPTION
Number of Pages x, 220 p. :
Other physical details ill.
505 0# - FORMATTED CONTENTS NOTE
Formatted contents note The class structure of the United States -- What we think about when we think about class -- Why is class important? -- Looking at "the underclass" -- Looking at values, family and otherwise -- The working class and power -- Power and globalization -- Power and the government -- Into the millennium.
650 #0 - SUBJECT ADDED ENTRY--TOPICAL TERM
Topical Term Working class
Topical Term Working class
856 40 - ELECTRONIC LOCATION AND ACCESS
Uniform Resource Identifier http://site.ebrary.com/lib/rucke/Doc?id=10518915

No items available.

© 2026 Rongo University
Contact us: librarian | system librarian | Rongo university